| 000 | 00486nam a2200169Ia 4500 | ||
|---|---|---|---|
| 008 | 140609s9999 xx 000 0 und d | ||
| 020 | _a9789749823361 | ||
| 050 |
_aRD 71 _b.R88 2005 |
||
| 100 | _aRutherford, Colleen. | ||
| 245 |
_aDifferentiating surgical instruments / _cColleen Rutherford, |
||
| 260 |
_aPhiladelphia : _bF.A. Davis Co., _cc2005. |
||
| 300 |
_a183 p. : _bcol. Ill. ; _c28 cm. |
||
| 500 | _aIncludes index. | ||
| 521 | _aGE | ||
| 942 |
_kFOR _cBK |
||
| 999 |
_c118148 _d118148 |
||